| 000 | 00666nam a2200217 a 4500 | ||
|---|---|---|---|
| 001 | 64874 | ||
| 003 | BD-RjUL | ||
| 005 | 20211209081350.0 | ||
| 008 | 170223s1949 enk||||| |||| 00| 0 eng d | ||
| 035 | _a(BD-RjUL) 65004 | ||
| 040 |
_aBD-RjUL _beng _cBD-RjUL _deng |
||
| 041 | _aeng | ||
| 082 |
_223 _a823.5 _bSEL 1949 |
||
| 100 |
_aSwift, Jonathan _9192313 |
||
| 245 |
_aSelection From The Jonathan Swift / _c Jonathan Swift |
||
| 260 |
_aLondon : _bMethuen & Co. _c1949 |
||
| 300 |
_axviii,190 p. ; _c18 cm. |
||
| 600 |
_aSwift, Jonathan, _d1667-1745 _9186771 |
||
| 700 |
_a Williams, W.T. & Vallines, G.H. _qW.T. Williams & G.H. Vallines _9192314 |
||
| 942 |
_2ddc _cBK |
||
| 999 |
_c64874 _d64874 |
||